Personnages de séries télévisées - Statistiques

Statistiques générales
  • Ce quiz a été pris 50 fois
  • Le résultat moyen est 9 sur 30
Statistiques - réponses
Personnage Série télévisée % Correct
Chandler Bing Friends
85%
Dr Miranda Bailey Grey's Anatomy
61%
Euron Greyjoy Game of thrones
59%
Mike Delfino Desperate Housewives
52%
Ragnar Lothbrok Vikings
52%
Michonne The Walking Dead
50%
Skyler White Breaking Bad
48%
Dana Scully X-Files
41%
Leroy Jethro Gibbs NCIS: Enquêtes spéciales
39%
Willow Rosenberg Buffy contre les vampires
37%
Debra Morgan Dexter
37%
Karadoc de Vannes Kaamelott
37%
Fabienne Lepic Fais pas ci, fais pas ça
35%
Ralph Wiggum Les Simpson
33%
Lincoln Burrows Prison Break
30%
Dr Kerry Weaver Urgences
28%
John Locke Lost
26%
Dr John Watson Sherlock
26%
Robin Scherbatsky How I Met Your Mother
22%
Philip Mountbatten The Crown
22%
Joe Caputo Orange is the new black
20%
Carrie Mathison Homeland
15%
Lord Robert Crawley Downton Abbey
13%
Lisa Plenske Le destin de Lisa
13%
Pete Campbell Mad Men
7%
Titus Pullo Rome
7%
Eddy Caplan Braquo
4%
Stanford Blatch Sex and the City
4%
Uthred de Bebbanburg The Last Kingdom
4%
Major Winters Band of Brothers
2%
Aucun quiz correspondant
Distribution des résultats
% des personnes avec chaque résultat
Percentile par nombre de réponses
Votre historique - résultats
Vous n’avez pas pris ce quiz